000
003260000a22001450004500
005
20120302065407.0
942
_c
BOOK
100
_a
Shree Jaydatta, Mahasamanta
245
_a
Ashva Vaidyakam
260
_a
1893
300
_a
12p; 191p
040
_a
San
365
_b
20/-
650
_a
A Treatise on the Veterinary Science
999
_c
364673
_d
364670